| 000 | 00646nam a2200229Ia 4500 | ||
|---|---|---|---|
| 003 | OSt | ||
| 005 | 20221006164147.0 | ||
| 006 | a|||||r|||| 00| 0 | ||
| 007 | ta | ||
| 008 | 221006b |||||||| |||| 00| 0 hin d | ||
| 024 | _a5,618 | ||
| 037 | _cTextual | ||
| 040 |
_aFML _cFML _bhin |
||
| 041 |
_2hin _ahin |
||
| 082 | _aT4:3(NR), L1 -; 1 | ||
| 100 |
_aSharma Jay Chandra Au. _9676740 |
||
| 245 | 0 | _aSangeet Shikshan Aur Shikshak | |
| 260 |
_aBikaner _bShree Sangeet Bharati Shodh Vibhaag India _c1971 |
||
| 300 |
_a68 _ccm. |
||
| 942 |
_hT4:3(NR), L1 -; 1 _cTEXL _2CC |
||
| 999 |
_c1116391 _d1116391 |
||